Štatistika jednoducho

Salvato in:
Dettagli Bibliografici
Autore principale: Chajdiak, Jozef
Natura: Libro
Lingua:slovacco
Pubblicazione: Bratislava STATIS 2003
Soggetti:
Tags: Aggiungi Tag
Nessun Tag, puoi essere il primo ad aggiungerne!!

MARC

LEADER 00000nam a2200000 4500
001 c142249
005 20221108125033.4
020 |a 80-85659-28-X 
041 0 |a slo 
044 |a SK 
245 1 0 |a Štatistika jednoducho  |c Jozef Chajdiak 
264 1 |a Bratislava  |b STATIS  |c 2003 
300 |a 194 s. 
610 2 0 |a štatistika 
610 2 0 |a zisťovanie štatistické 
610 2 0 |a skúmanie štatistické 
610 2 0 |a údaje štatistické 
610 2 0 |a analýza štatistická 
610 2 0 |a koeficient korelácie 
610 2 0 |a modelovanie 
610 2 0 |a odhad štatistický 
610 2 0 |a testy 
610 2 0 |a indexy 
610 2 0 |a rady časové 
610 2 0 |a metódy štatistické 
610 2 0 |a grafy 
610 2 0 |a diagramy regulačné 
610 2 0 |a pravdepodobnosť 
610 2 0 |a softvér 
610 2 0 |a internet 
100 1 |a Chajdiak, Jozef